000 00359nam a2200109Ia 4500
008 171211s9999 xx 000 0 und d
245 4 _aThe Zentangle Untangled Workbook: A Tangle-a-Day to Draw Your Stress Away
245 _cKass Hall
260 _c2013
650 _xDrawing
856 _uhttp://down.ebook777.com/002/The%20Zentangle%20Untangled%20Workbook.rar
999 _c348042
_d348042